000
00293nam a2200121Ia 4500
008
190216s9999||||xx |||||||||||||| ||und||
100
_a
Gurtu Jn & Gurtu A
245
0
_a
Thermo Dynamics
260
_b
Pragathi Prakashan
_c
1998
300
_a
258p
650
_a
Thermodynamics
942
_c
BK
999
_c
32892
_d
32892